000 00702nam a2200253Ia 4500
003 OSt
005 20220918223405.0
006 a|||||r|||| 00| 0
007 ta
008 220917b |||||||| |||| 00| 0 eng d
024 _a222,261
037 _cTextual
040 _aARTS
_cARTS
_beng
041 _2eng
_aeng
082 _aZ1(Q7), P4
100 _aDupret Baudouin Ed.
_9145644
245 0 _aStanding trial
_b Law and the person in the modern middle east
260 _aLondon
_bI.B.Tauris
_c2004
300 _ax, 382p
_ccm.
490 _aThe islamic mediterranean
650 _aLAW
_97240
942 _hZ1(Q7), P4
_cTEXL
_2CC
999 _c278318
_d278318